书目信息 |
| 题名: |
纳米集成电路FinFET器件物理与模型
|
|
| 作者: | 萨哈 著 ;丁扣宝 译 | |
| 分册: | ||
| 出版信息: | 北京 机械工业出版社 2022.02 |
|
| 页数: | xiii, 238页 | |
| 开本: | 24cm | |
| 丛书名: | 集成电路科学与工程丛书 | |
| 单 册: | ||
| 中图分类: | TN405 | |
| 科图分类: | ||
| 主题词: | 纳米材料--na mi cai liao--集成电路工艺--系统建模 | |
| 电子资源: | ||
| ISBN: | 978-7-111-69481-6 | |
| 000 | 01495oam2 2200301 450 | |
| 001 | 011025153632 | |
| 005 | 20221025153632.0 | |
| 010 | @a978-7-111-69481-6@dCNY119.00 | |
| 100 | @a20201004d2022 em y0chiy0120 ea | |
| 101 | 0 | @achi |
| 102 | @aCN@b110000 | |
| 105 | @ay z 000yy | |
| 106 | @ar | |
| 200 | 1 | @a纳米集成电路FinFET器件物理与模型@Ana mi ji cheng dian lu FinFETqi jian wu li yu mo xing@f(美) 萨马·K. 萨哈著 ; 丁扣宝译 |
| 210 | @a北京@c机械工业出版社@d2022.02 | |
| 215 | @axiii, 238页@c图@d24cm | |
| 225 | 2 | @a集成电路科学与工程丛书@Aji cheng dian lu ke xue yu gong cheng cong shu |
| 300 | @a英文题名原文取自版权页 | |
| 300 | @aSamarK.Saha,是ProspicientDevices首席研究科学家,也是美国加利福尼亚州圣塔克拉拉大学电气工程系的兼职教授。 | |
| 320 | @a有书目 | |
| 330 | @a本书原版由Taylor&Francis出版集团旗下,CRC出版公司出版,并经其授权翻译出版本书中文简体翻译版授权由机械工业出版社独家出版 | |
| 330 | @a本书主要内容有:主流MOSFET在22nm节点以下由于短沟道效应所带来的缩小限制概述;基本半导体电子学和pn结工作原理;多栅MOS电容器系统的基本结构和工作原理;非平面CMOS工艺中的FinFET器件结构和工艺技术;FinFET基本理论;FinFET小尺寸效应;FinFET泄漏电流;FinFET寄生电阻和寄生电容;FinFET工艺、器件和电路设计面临的主要挑战;FinFET器件紧凑模型。 | |
| 410 | 0 | @12001 @a集成电路科学与工程丛书 |
| 606 | 0 | @a纳米材料@Ana mi cai liao@x集成电路工艺@x系统建模 |
| 690 | @aTN405@v5 | |
| 701 | 0 | @a萨哈@Asa ha@4著 |
| 702 | @a丁扣宝@Ading kou bao@4译 | |
| 905 | @a河南城建学院图书馆@dTN405@eS006 | |
| 纳米集成电路FinFET器件物理与模型/(美) 萨马·K. 萨哈著 ; 丁扣宝译.-北京:机械工业出版社,2022.02 |
| xiii, 238页:图;24cm.-(集成电路科学与工程丛书) |
| 英文题名原文取自版权页.-SamarK.Saha,是ProspicientDevices首席研究科学家,也是美国加利福尼亚州圣塔克拉拉大学电气工程系的兼职教授。 |
| ISBN 978-7-111-69481-6:CNY119.00 |
| 本书原版由Taylor&Francis出版集团旗下,CRC出版公司出版,并经其授权翻译出版本书中文简体翻译版授权由机械工业出版社独家出版.-本书主要内容有:主流MOSFET在22nm节点以下由于短沟道效应所带来的缩小限制概述;基本半导体电子学和pn结工作原理;多栅MOS电容器系统的基本结构和工作原理;非平面CMOS工艺中的FinFET器件结构和工艺技术;FinFET基本理论;FinFET小尺寸效应;FinFET泄漏电流;FinFET寄生电阻和寄生电容;FinFET工艺、器件和电路设计面临的主要挑战;FinFET器件紧凑模型。 |
| ● |
| 相关链接 |
|
|
|
正题名:纳米集成电路FinFET器件物理与模型
索取号:TN405/S006
 
预约/预借
| 序号 | 登录号 | 条形码 | 馆藏地/架位号 | 状态 | 备注 |
| 1 | 1588790 | 215887903 | 自科库301/301自科库 12排2列5层/ [索取号:TN405/S006] | 在馆 |